Responses for Show #4412 - Tuesday, November 11, 2003

2003 College Championship quarterfinal game 2.
From Yale University.

Contestants

[<< previous game]

Karli Kosman, a sophomore at Mt. San Jacinto College from Temecula, California

Lauren Henderson, a senior at Colby College from Oneida, New York

Alex Albrecht, a junior at Purdue University from Clinton, Indiana

[next game >>]

Jeopardy! Round responses

NEW HAVEN
THE MATRIX
COLLEGES & UNIVERSITIES
AMERICA'S MOST WANT ADS
REALLY OLD HISTORY
BODY TALK
    $200 20
Noah Webster

Alex
    $200 17
deja vu

Lauren
    $200 15
Stanford

Karli
    $200 10
diamonds

Alex
    $200 5
aqueducts

Karli
    $200 1
your little finger

Karli
    $400 21
a common

Lauren
    $400 18
Zion

Triple Stumper
    $400 22
Tuscaloosa

Triple Stumper
    $400 11
Barbie

Alex
    $400 6
(Lauren: What is China?)

Egypt

Lauren
Triple Stumper
    $400 2
your stomach

Alex
    $600 25
a switchboard

Triple Stumper
    $600 19
the Oracle

Lauren
    $600 26
Johns Hopkins

Triple Stumper
    $600 12
the butterfly

Karli
    $600 7
Confucius

Alex
    $600 3
thumb

Lauren
    $800 27
an Erector Set

Lauren
    $800 23
(Lauren: What is Nemo and...)

Neo & One

LaurenKarli
    $800 28
(Lauren: What is Williams?)

Amherst

Lauren
Triple Stumper
    $800 13
Atlantis

Alex
    $800 8
phalanx

Alex
    $800 4
(Alex Albrecht: What is the nose?)

your shoulder

Alex
Triple Stumper
    $1000 29
Wallace Stevens

Triple Stumper
    $1000 24
Ignorance is bliss

Triple Stumper
    $1000 30
Barnard

Triple Stumper
    $1000 14
(Lauren: Who is [no response]?)

J.D. Salinger

Lauren
Triple Stumper
    $200 9
(Alex Albrecht: What is the Greek civilization?)

Minoans

Alex
    $1000 16
your navel

Triple Stumper

Scores at the first commercial break (after clue 15):

Alex Lauren Karli
$2,200 -$800 $1,200

Scores at the end of the Jeopardy! Round:

Alex Lauren Karli
$2,400 -$400 $2,000

Double Jeopardy! Round responses

OLD HAVEN
THINGS IN THE YALE LIBRARY
MUSIC MAKERS
HERE COMES THE SUN
19th CENTURY AMERICAN AUTHORS
SMART ANSWERS
    $400 19
William Penn

Lauren
    $400 20
Franklin Roosevelt

Karli
    $400 14
Queen Latifah

Karli
    $400 9
yellow

Alex
    $400 1
Harriet Beecher Stowe

Lauren
    $400 4
a genius

Karli
    $800 25
Liberia

Karli
    $800 21
William Howard Taft

Karli
    $800 15
Frank Sinatra

Karli
    $800 10
the Greenhouse Effect

Alex
    $800 2
Stephen Crane

Lauren
    $800 5
brights

Alex
    $1200 26
Sweden

Alex
    $1200 22
Sitting Bull

Triple Stumper
    $1200 16
[The Whiffenpoofs performed "Steppin' Out With My Baby" live onstage.]

Irving Berlin

Triple Stumper
    $1200 11
hydrogen

Alex
    $1200 3
Edgar Allan Poe

Alex
    $1200 6
(Alex Albrecht: What is creationism?)

intelligent design

Alex
Triple Stumper
    $1600 27
Roger Williams

Lauren
    $1600 23
a razor

Lauren
    $1600 17
The Doors

Karli
    $1600 12
sunspots

Karli
    $1600 29
Ralph Waldo Emerson

Triple Stumper
    $600 7
Prudential

Alex
    $2000 28
Andorra

Triple Stumper
    $2000 24
Gertrude Stein

Triple Stumper
    $2000 18
Fountains of Wayne

Triple Stumper
    $1,000 13
the corona

Karli
    $2000 30
Nathaniel Hawthorne

Triple Stumper
    $2000 8
acumen (or acute or acuity)

Lauren

Scores at the end of the Double Jeopardy! Round:

Alex Lauren Karli
$7,400 $6,400 $9,800

Final Jeopardy! Round responses

BIG IN THE USA
LaurenWhat is Wyoming?
$2,000
AlexWhat is South Dakota?
$2,601
KarliWhat is Washington D.C.?
$3,000
South Dakota

Final scores:

Alex Lauren Karli
$10,001 $4,400 $6,800
Automatic semifinalist 3rd place: $2,500 if eliminated 2nd place: $2,500 if eliminated

Game dynamics:

Coryat scores:

Alex Lauren Karli
$8,600 $6,400 $10,800
14 R
(including 1 DD),
3 W
(including 1 DD)
11 R,
4 W
14 R
(including 1 DD),
0 W

Combined Coryat: $25,800

[game clues] [game scores] [suggest correction]

Game tape date: 2003-10-03
The J! Archive is created by fans, for fans. Scraping, republication, monetization, and malicious use prohibited; this site may use cookies and collect identifying information. See terms. The Jeopardy! game show and all elements thereof, including but not limited to copyright and trademark thereto, are the property of Jeopardy Productions, Inc. and are protected under law. This website is not affiliated with, sponsored by, or operated by Jeopardy Productions, Inc. Join the discussion at JBoard.tv.